000 01158nam a22003377a 4500
001 0027217
003 KOHA_MİRAKIL
005 20260207002551.0
007 ta
008 110128b2004 tu |||gr||||#||||0|tur |
020 _a9753940483
_c0,01
040 _aTR-BiSEU
_btur
_cTR-BiSEU
_erda
041 0 _atur
044 _ctu
050 _aDS79.9
_b.B85 2004
100 1 _aBulduk, Abdulgani.
245 1 3 _aEl-Cezire'nin muhtasar tarihi/
_cAbdulgani Bulduk ; Abdulgani Bulduk ; yayına hazırlayanlar Mustafa Öztürk, İbrahim Yılmazçelik.
264 1 _aElazığ :
_bFırat Üniversitesi
_c2004
300 _axxvii, 133 s. ;
_c24 cm.
336 _ametin
_btxt
_2rdacontent
337 _aaracısız
_bn
_2rdamedia
338 _acilt
_bnc
_2rdacarrier
490 1 _aFırat Üniversitesi.
490 1 _aOrta Doğu Araştırmaları Merkezi yayınları ;
_vno: 9
500 _aDizin var.
650 0 _aJazira (Iraq and Syria)--History.
_953932
650 0 _aEl Cezire (Irak ve Suriye)--Tarih.
_953933
830 1 _aFırat Üniversitesi.
_914474
830 1 _aOrta Doğu Araştırmaları Merkezi yayınları ;
_vno: 9
_937386
942 _2lcc
_cBK
999 _c27151
_d27151